| 000 | 00312nam a2200109 4500 | ||
|---|---|---|---|
| 999 |
_c12352 _d12352 |
||
| 008 | 190123b ||||| |||| 00| 0 eng d | ||
| 245 | _aRights groups being used to derail drug war- Palace. | ||
| 260 |
_aPhilippines _bThe Philippine Star _cc2018 |
||
| 300 | _apage 2. | ||
| 650 | 0 |
_934872 _aDrugs. |
|
| 942 |
_2ddc _cPER |
||